007000000a22002050004500003001100000005001700011008004100028020001500069040003900084041000800123082001600131100002300147245009900170260005200269300004600321490003200367650003800399650002800437650002900465LK-CoMWRAF20231130094906.0230817t2003 ||||| |||| 00| 0 eng d a9559102575 aLK-CoMWRAFdLK-CoMWRAFeLK-CoMWRAF aeng a303.69bUYA aUyangoda, Jayadeva aBeyond mediation, negotiation and negative peace : btowards transformative peace in Sri Lanka aColombo:bSocial Scientists' Association,c2003 aii, 43 p. ; 23 cm.bBibliography included aGuide to Learning PeacevII aConflict management -- Sri Lanka  aMediation -- Sri Lanka  aNegotiation -- Sri Lanka